000 01432nam0a22003251 4500
001 v19\rc\2022712
005 20251118181440.7
035 _a(NLR Aleph) 005102846
090 _a7410934
_c7410934
100 _a20260524 rusy50
101 0 _arus
102 _aRU
105 _ay z |||h|
200 1 _aНиколай Алексеевич Умов как математик
_eРечь пред. Моск. мат. о-ва Н.Е. Жуковского
210 _aМосква
_cтип. т-ва И.Н. Кушнерев и К°
_d1916
215 _a6 с.
_d24
309 _aБез тит. л. и обл.
311 _aОтт. из "Мат. сб." 1916, т. 30, с. 51-56
488 0 _12001#$aМатематический сборник$v1916, т. 30
_1215##$aС. 51-56
_tМатематический сборник
700 1 _7ca
_8rus
_aЖуковский
_bН. Е.
_cспециалист в обл. аэродинамики
_f1847-1921
_gНиколай Егорович
_913116
_3RU\NLR\auth\7730089
702 1 _4570
_7ca
_8rus
_aУмов
_bН. А.
_cфизик, обществ. деятель
_f1846-1915
_gНиколай Алексеевич
_9217543
_3RU\NLR\AUTH\770217599
801 0 _aRU
_bNLR
_gpsbo
801 0 _aRU
_bRuMoRGB
_2psbo
801 1 _aRU
_bProSoft-M
_2rusmarc
852 _aNLR
_j34.106.3.207
899 _aRuMoRGB
_jV 221/270
899 _aRuMoRGB
_jW 462/293
899 _aБАН
942 _cBOOK
980 _aNB